Verbs Ending in ISH #2 - Statistics

General Stats
  • This quiz has been taken 1,435 times
  • The average score is 13 of 18
Answer Stats
# Hint ____ish % Correct
F catch trout for example fish
94%
P die suddenly or violently perish
87%
N provide with healthy sustenance nourish
86%
V apply a shiny coating to something varnish
82%
D make or become less diminish
81%
T cause something to lose lustre tarnish
77%
R enjoy and savour greatly relish
76%
E set up on a permanent basis establish
74%
R give up control of something relinquish
74%
L heap upon someone e.g. praise lavish
70%
V defeat thoroughly (literary) vanquish
69%
A cause awe in someone astonish
65%
F multiply in a good environment flourish
64%
A reprimand someone firmly admonish
61%
S engage in a small outlying battle skirmish
60%
L be stuck in an bad place e.g. jail languish
57%
D share gossip dish
56%
R resupply e.g. an army with troops replenish
47%
No matching quizzes found
Score Distribution
Percent of People with Each Score
Percentile by Number Answered
Your Score History
You have not taken this quiz